[Event "DVM U20w 2023"]
[Site "Magdeburg GER"]
[Date "2023.12.27"]
[Round "1"]
[White "Hellenbroich, Helene"]
[Black "Berndt, Christiane"]
[Result "1-0"]
[Termination "normal"]
[Board "3.4"]
[WhiteElo "1358"]
[BlackElo "1297"]
[WhiteClock "00:18:04"]
[BlackClock "00:15:34"]
[WhiteTeam "Lübecker SV 1873"]
[BlackTeam "SC 1865 Annaberg-Buchholz"]
[PlyCount "119"]
[WhiteFideId "16270754"]
[BlackFideId "16235363"]
[EventCountry "GER"]
[EventRounds "7"]
[EventType "team-swiss"]
[EventDate "2023.12.26"]

1. e4 {[%clk 01:30:35]} {[%emt 00:00:24]} e5 {[%clk 01:30:48]} {[%emt
00:00:12]} 2. Bc4 {[%clk 01:30:48]} {[%emt 00:00:18]} Nf6 {[%clk 01:30:33]}
{[%emt 00:00:45]} 3. d3 {[%clk 01:30:52]} {[%emt 00:00:26]} Nc6 {[%clk
01:29:50]} {[%emt 00:01:12]} 4. Nf3 {[%clk 01:31:10]} {[%emt 00:00:13]} d5
{[%clk 01:27:45]} {[%emt 00:02:35]} 5. Bb5 {[%clk 01:29:21]} {[%emt 00:02:18]}
dxe4 {[%clk 01:26:57]} {[%emt 00:01:19]} 6. Nxe5 {[%clk 01:27:06]} {[%emt
00:02:45]} Qd5 {[%clk 01:22:39]} {[%emt 00:04:46]} 7. Bxc6+ {[%clk 01:21:42]}
{[%emt 00:05:55]} bxc6 {[%clk 01:22:38]} {[%emt 00:00:32]} 8. Bf4 {[%clk
01:11:29]} {[%emt 00:10:42]} Bd6 {[%clk 01:20:14]} {[%emt 00:02:54]} 9. Nc3
{[%clk 01:09:26]} {[%emt 00:02:32]} Qe6 {[%clk 01:13:06]} {[%emt 00:07:38]} 10.
d4 {[%clk 01:07:22]} {[%emt 00:02:35]} Bb7 {[%clk 01:07:19]} {[%emt 00:06:16]}
11. b3 {[%clk 00:54:49]} {[%emt 00:13:04]} Bb4 {[%clk 00:59:11]} {[%emt
00:08:38]} 12. Bd2 {[%clk 00:53:27]} {[%emt 00:01:53]} Rd8 {[%clk 00:55:32]}
{[%emt 00:04:03]} 13. a3 {[%clk 00:46:22]} {[%emt 00:07:41]} Rxd4 {[%clk
00:50:06]} {[%emt 00:05:55]} 14. axb4 {[%clk 00:45:22]} {[%emt 00:01:31]} Qxe5
{[%clk 00:49:57]} {[%emt 00:00:38]} 15. Rxa7 {[%clk 00:43:55]} {[%emt
00:01:57]} Bc8 {[%clk 00:49:04]} {[%emt 00:01:23]} 16. Ne2 {[%clk 00:38:59]}
{[%emt 00:05:26]} Rd8 {[%clk 00:46:20]} {[%emt 00:03:11]} 17. Qc1 {[%clk
00:37:01]} {[%emt 00:02:31]} O-O {[%clk 00:36:29]} {[%emt 00:10:21]} 18. Bc3
{[%clk 00:33:56]} {[%emt 00:03:35]} Qd6 {[%clk 00:29:42]} {[%emt 00:07:16]} 19.
Bxf6 {[%clk 00:28:02]} {[%emt 00:06:25]} Qxf6 {[%clk 00:28:11]} {[%emt
00:02:01]} 20. Qf4 {[%clk 00:25:41]} {[%emt 00:02:51]} Qxf4 {[%clk 00:24:37]}
{[%emt 00:04:04]} 21. Nxf4 {[%clk 00:26:04]} {[%emt 00:00:08]} Bg4 {[%clk
00:24:38]} {[%emt 00:00:29]} 22. O-O {[%clk 00:25:38]} {[%emt 00:00:56]} Rd7
{[%clk 00:24:22]} {[%emt 00:00:45]} 23. h3 {[%clk 00:24:45]} {[%emt 00:01:24]}
Bd1 {[%clk 00:24:00]} {[%emt 00:00:47]} 24. Re1 {[%clk 00:19:19]} {[%emt
00:06:01]} Bxc2 {[%clk 00:20:26]} {[%emt 00:04:04]} 25. Re2 {[%clk 00:18:45]}
{[%emt 00:01:04]} Bd3 {[%clk 00:19:50]} {[%emt 00:01:04]} 26. Nxd3 {[%clk
00:18:17]} {[%emt 00:00:59]} exd3 {[%clk 00:19:12]} {[%emt 00:01:07]} 27. Rd2
{[%clk 00:18:44]} {[%emt 00:00:04]} g6 {[%clk 00:17:01]} {[%emt 00:02:41]} 28.
f3 {[%clk 00:16:47]} {[%emt 00:02:28]} Rb8 {[%clk 00:15:28]} {[%emt 00:02:01]}
29. Ra4 {[%clk 00:15:53]} {[%emt 00:01:26]} c5 {[%clk 00:15:01]} {[%emt
00:00:57]} 30. bxc5 {[%clk 00:14:59]} {[%emt 00:01:24]} Rxb3 {[%clk 00:14:09]}
{[%emt 00:01:21]} 31. c6 {[%clk 00:12:43]} {[%emt 00:02:46]} Rd6 {[%clk
00:13:16]} {[%emt 00:01:23]} 32. Rc4 {[%clk 00:13:02]} {[%emt 00:00:11]} f5
{[%clk 00:11:50]} {[%emt 00:01:56]} 33. Kf2 {[%clk 00:09:12]} {[%emt 00:04:20]}
Kf7 {[%clk 00:10:42]} {[%emt 00:01:37]} 34. Rc5 {[%clk 00:06:52]} {[%emt
00:02:51]} Ke6 {[%clk 00:09:32]} {[%emt 00:01:40]} 35. f4 {[%clk 00:04:03]}
{[%emt 00:03:19]} Rd4 {[%clk 00:05:21]} {[%emt 00:04:25]} 36. Kf3 {[%clk
00:00:32]} {[%emt 00:04:17]} Kd6 {[%clk 00:04:51]} {[%emt 00:01:00]} 37. Rc1
{[%clk 00:01:02]} Kd5 {[%clk 00:04:47]} {[%emt 00:00:35]} 38. g3 {[%clk
00:00:40]} {[%emt 00:00:52]} Re4 {[%clk 00:04:28]} {[%emt 00:00:48]} 39. Rcd1
{[%clk 00:00:33]} {[%emt 00:00:38]} Kd4 {[%clk 00:03:29]} {[%emt 00:01:28]} 40.
g4 {[%clk 00:00:34]} {[%emt 00:00:30]} Re3+ {[%clk 00:02:57]} {[%emt 00:01:02]}
41. Kg2 {[%clk 00:00:52]} {[%emt 00:00:10]} fxg4 {[%clk 00:00:47]} {[%emt
00:02:41]} 42. hxg4 {[%clk 00:00:58]} {[%emt 00:00:25]} Ke4 {[%clk 00:00:46]}
{[%emt 00:00:30]} 43. f5 {[%clk 00:29:41]} {[%emt 00:01:48]} gxf5 {[%clk
00:30:10]} {[%emt 00:01:05]} 44. gxf5 {[%clk 00:30:02]} {[%emt 00:00:09]} Re2+
{[%clk 00:29:58]} {[%emt 00:00:42]} 45. Kf1 {[%clk 00:22:24]} {[%emt 00:08:08]}
Rxd2 {[%clk 00:29:37]} {[%emt 00:00:52]} 46. Rxd2 {[%clk 00:22:46]} {[%emt
00:00:07]} Kxf5 {[%clk 00:29:32]} {[%emt 00:00:35]} 47. Kf2 {[%clk 00:22:34]}
{[%emt 00:00:42]} Ke4 {[%clk 00:28:34]} {[%emt 00:01:29]} 48. Ra2 {[%clk
00:20:56]} {[%emt 00:02:07]} Rc3 {[%clk 00:27:50]} {[%emt 00:01:14]} 49. Ra4+
{[%clk 00:21:12]} {[%emt 00:00:15]} Kd5 {[%clk 00:27:28]} {[%emt 00:00:51]} 50.
Ke3 {[%clk 00:21:29]} {[%emt 00:00:13]} Kxc6 {[%clk 00:26:50]} {[%emt
00:00:58]} 51. Rh4 {[%clk 00:21:14]} {[%emt 00:00:56]} Kb5 {[%clk 00:24:53]}
{[%emt 00:02:19]} 52. Rxh7 {[%clk 00:21:00]} {[%emt 00:00:52]} c5 {[%clk
00:24:32]} {[%emt 00:00:50]} 53. Rb7+ {[%clk 00:18:51]} {[%emt 00:02:39]} Kc4
{[%clk 00:23:58]} {[%emt 00:01:04]} 54. Rd7 {[%clk 00:17:51]} {[%emt 00:01:31]}
Kb3 {[%clk 00:22:36]} {[%emt 00:01:51]} 55. Kd2 {[%clk 00:16:04]} {[%emt
00:02:18]} c4 {[%clk 00:19:56]} {[%emt 00:03:09]} 56. Rb7+ {[%clk 00:16:27]}
{[%emt 00:00:08]} Ka2 {[%clk 00:16:00]} {[%emt 00:04:26]} 57. Kxc3 {[%clk
00:16:52]} {[%emt 00:00:05]} Ka1 {[%clk 00:16:02]} {[%emt 00:00:28]} 58. Rb4
{[%clk 00:17:16]} {[%emt 00:00:05]} Ka2 {[%clk 00:15:47]} {[%emt 00:00:44]} 59.
Rxc4 {[%clk 00:17:42]} {[%emt 00:00:05]} d2 {[%clk 00:15:34]} {[%emt 00:00:44]}
60. Kxd2 {[%clk 00:18:04]} {[%emt 00:00:08]} 1-0

[Event "DVM U20w 2023"]
[Site "Magdeburg GER"]
[Date "2023.12.27"]
[Round "1"]
[White "Bauer, Laura Sophie"]
[Black "Klahold, Rona"]
[Result "0-1"]
[Termination "normal"]
[Board "4.1"]
[WhiteElo "1878"]
[BlackElo "1603"]
[WhiteClock "00:32:35"]
[BlackClock "00:27:06"]
[WhiteTeam "SK Kelheim 1920"]
[BlackTeam "SC Porta Westfalica 1950"]
[PlyCount "92"]
[WhiteFideId "16253647"]
[BlackFideId "16222970"]
[EventCountry "GER"]
[EventRounds "7"]
[EventType "team-swiss"]
[EventDate "2023.12.26"]

1. e4 {[%clk 01:30:57]} e5 {[%clk 01:30:51]} {[%emt 00:38:38]} 2. Nf3 {[%clk
01:31:16]} Nc6 {[%clk 01:31:12]} {[%emt 00:00:20]} 3. Bb5 {[%clk 01:31:35]} Bc5
{[%clk 01:31:33]} {[%emt 00:00:19]} 4. c3 {[%clk 01:31:58]} Nf6 {[%clk
01:31:51]} {[%emt 00:00:19]} 5. O-O {[%clk 01:32:11]} O-O {[%clk 01:31:29]}
{[%emt 00:01:08]} 6. d4 {[%clk 01:32:07]} Bb6 {[%clk 01:31:22]} {[%emt
00:01:12]} 7. Re1 {[%clk 01:30:27]} exd4 {[%clk 01:27:52]} {[%emt 00:06:10]} 8.
cxd4 {[%clk 01:26:55]} d5 {[%clk 01:25:57]} {[%emt 00:06:27]} 9. e5 {[%clk
01:22:49]} Ne4 {[%clk 01:21:36]} {[%emt 00:09:27]} 10. h3 {[%clk 01:21:58]}
{[%emt 00:01:20]} h6 {[%clk 01:14:30]} {[%emt 00:07:37]} 11. Be3 {[%clk
01:18:10]} {[%emt 00:04:18]} Ne7 {[%clk 01:12:22]} {[%emt 00:02:38]} 12. Nfd2
{[%clk 01:06:41]} {[%emt 00:11:59]} Nxd2 {[%clk 01:06:36]} {[%emt 00:06:17]}
13. Nxd2 {[%clk 01:05:01]} {[%emt 00:02:09]} Nf5 {[%clk 01:05:26]} {[%emt
00:01:41]} 14. Nb3 {[%clk 00:58:57]} {[%emt 00:06:34]} Nxe3 {[%clk 00:59:14]}
{[%emt 00:06:42]} 15. Rxe3 {[%clk 00:54:29]} {[%emt 00:04:58]} Bf5 {[%clk
00:55:24]} {[%emt 00:04:20]} 16. a4 {[%clk 00:48:59]} {[%emt 00:06:00]} a5
{[%clk 00:45:43]} {[%emt 00:10:10]} 17. Rc1 {[%clk 00:42:37]} {[%emt 00:06:52]}
c6 {[%clk 00:38:50]} {[%emt 00:07:24]} 18. Bd3 {[%clk 00:36:05]} {[%emt
00:07:02]} Bxd3 {[%clk 00:34:55]} {[%emt 00:04:25]} 19. Qxd3 {[%clk 00:27:54]}
{[%emt 00:08:41]} Qe7 {[%clk 00:31:49]} {[%emt 00:03:36]} 20. Rg3 {[%clk
00:25:31]} {[%emt 00:02:52]} f6 {[%clk 00:28:11]} {[%emt 00:04:10]} 21. Re1
{[%clk 00:22:11]} {[%emt 00:03:49]} Qb4 {[%clk 00:23:12]} {[%emt 00:05:29]} 22.
Ree3 {[%clk 00:16:31]} {[%emt 00:06:10]} Qe7 {[%clk 00:10:58]} {[%emt
00:12:44]} 23. Qg6 {[%clk 00:15:05]} {[%emt 00:01:55]} fxe5 {[%clk 00:09:23]}
{[%emt 00:02:06]} 24. Rxe5 {[%clk 00:15:05]} {[%emt 00:00:30]} Qf6 {[%clk
00:09:34]} {[%emt 00:00:18]} 25. Qxf6 {[%clk 00:12:25]} {[%emt 00:03:10]} Rxf6
{[%clk 00:10:03]} {[%emt 00:00:02]} 26. Re7 {[%clk 00:12:11]} {[%emt 00:00:44]}
Rf7 {[%clk 00:10:23]} {[%emt 00:00:09]} 27. Rge3 {[%clk 00:11:32]} {[%emt
00:01:10]} Kf8 {[%clk 00:09:21]} {[%emt 00:01:32]} 28. Rxf7+ {[%clk 00:11:14]}
{[%emt 00:00:48]} Kxf7 {[%clk 00:09:49]} {[%emt 00:00:02]} 29. g3 {[%clk
00:10:12]} {[%emt 00:01:32]} Re8 {[%clk 00:07:37]} {[%emt 00:02:42]} 30. Rxe8
{[%clk 00:10:05]} {[%emt 00:00:38]} Kxe8 {[%clk 00:08:04]} {[%emt 00:00:03]}
31. Kg2 {[%clk 00:10:27]} {[%emt 00:00:06]} Ke7 {[%clk 00:08:04]} {[%emt
00:00:30]} 32. Kf3 {[%clk 00:10:50]} {[%emt 00:00:07]} Kf6 {[%clk 00:05:50]}
{[%emt 00:02:44]} 33. Kg4 {[%clk 00:09:15]} {[%emt 00:02:06]} Bc7 {[%clk
00:03:16]} {[%emt 00:03:05]} 34. f4 {[%clk 00:05:14]} {[%emt 00:04:30]} b6
{[%clk 00:03:00]} {[%emt 00:00:46]} 35. Kf3 {[%clk 00:05:24]} {[%emt 00:00:19]}
Bd6 {[%clk 00:01:47]} {[%emt 00:01:43]} 36. Ke3 {[%clk 00:04:12]} {[%emt
00:01:43]} g5 {[%clk 00:01:18]} {[%emt 00:01:00]} 37. fxg5+ {[%clk 00:04:20]}
{[%emt 00:00:21]} Kxg5 {[%clk 00:01:38]} {[%emt 00:00:10]} 38. Kf3 {[%clk
00:04:35]} {[%emt 00:00:15]} c5 {[%clk 00:01:36]} {[%emt 00:00:32]} 39. dxc5
{[%clk 00:04:27]} {[%emt 00:00:39]} Bxc5 {[%clk 00:01:59]} {[%emt 00:00:06]}
40. Nxc5 {[%clk 00:04:48]} {[%emt 00:00:09]} bxc5 {[%clk 00:02:29]} {[%emt
00:00:01]} 41. b3 {[%emt 00:03:38]} Kf5 {[%emt 00:03:00]} 42. h4 {[%clk
00:32:53]} {[%emt 00:00:16]} h5 {[%clk 00:27:53]} {[%emt 00:01:36]} 43. g4+
{[%clk 00:31:41]} {[%emt 00:01:42]} hxg4+ {[%clk 00:28:14]} {[%emt 00:00:10]}
44. Kg3 {[%clk 00:32:05]} {[%emt 00:00:06]} d4 {[%clk 00:27:35]} {[%emt
00:01:08]} 45. h5 {[%clk 00:32:15]} {[%emt 00:00:20]} d3 {[%clk 00:26:57]}
{[%emt 00:01:08]} 46. Kf2 {[%clk 00:32:35]} {[%emt 00:00:10]} g3+ {[%clk
00:27:06]} {[%emt 00:00:21]} 0-1

[Event "DVM U20w 2023"]
[Site "Magdeburg GER"]
[Date "2023.12.27"]
[Round "1"]
[White "Duchstein, Anna"]
[Black "Neumeier, Valentina"]
[Result "1/2-1/2"]
[Termination "normal"]
[Board "4.2"]
[WhiteElo "1536"]
[BlackElo "1546"]
[WhiteClock "01:30:57"]
[BlackClock "01:30:26"]
[WhiteTeam "SC Porta Westfalica 1950"]
[BlackTeam "SK Kelheim 1920"]
[PlyCount "42"]
[WhiteFideId "16261372"]
[BlackFideId "34608222"]
[EventCountry "GER"]
[EventRounds "7"]
[EventType "team-swiss"]
[EventDate "2023.12.26"]

1. e4 {[%clk 01:30:57]} e5 {[%clk 01:30:26]} 2. Nf3 {[%clk 01:30:57]} Nc6
{[%clk 01:30:26]} 3. Bc4 {[%clk 01:30:57]} Bc5 {[%clk 01:30:26]} 4. O-O {[%clk
01:30:57]} d6 {[%clk 01:30:26]} 5. h3 {[%clk 01:30:57]} Nf6 {[%clk 01:30:26]}
6. d3 {[%clk 01:30:57]} h6 {[%clk 01:30:26]} 7. Re1 {[%clk 01:30:57]} O-O
{[%clk 01:30:26]} 8. c3 {[%clk 01:30:57]} Be6 {[%clk 01:30:26]} 9. Bb3 {[%clk
01:30:57]} Bxb3 {[%clk 01:30:26]} 10. Qxb3 {[%clk 01:30:57]} Bb6 {[%clk
01:30:26]} 11. Nbd2 {[%clk 01:30:57]} Re8 {[%clk 01:30:26]} 12. Nc4 {[%clk
01:30:57]} Qd7 {[%clk 01:30:26]} 13. Be3 {[%clk 01:30:57]} Bxe3 {[%clk
01:30:26]} 14. Nxe3 {[%clk 01:30:57]} Ne7 {[%clk 01:30:26]} 15. Qc2 {[%clk
01:30:57]} Ng6 {[%clk 01:30:26]} 16. Nf1 {[%clk 01:30:57]} d5 {[%clk 01:30:26]}
17. Rad1 {[%clk 01:30:57]} Rad8 {[%clk 01:30:26]} 18. Ng3 {[%clk 01:30:57]} c6
{[%clk 01:30:26]} 19. Rd2 {[%clk 01:30:57]} Qc7 {[%clk 01:30:26]} 20. Rdd1
{[%clk 01:30:57]} Rd7 {[%clk 01:30:26]} 21. Rd2 {[%clk 01:30:57]} Red8 {[%clk
01:30:26]} 0-1

[Event "DVM U20w 2023"]
[Site "Magdeburg GER"]
[Date "2023.12.27"]
[Round "1"]
[White "Gubler, Katharina"]
[Black "Schmidt, Inga"]
[Result "1-0"]
[Termination "normal"]
[Board "4.3"]
[WhiteElo "1482"]
[BlackElo "1367"]
[WhiteClock "00:45:52"]
[BlackClock "00:01:20"]
[WhiteTeam "SK Kelheim 1920"]
[BlackTeam "SC Porta Westfalica 1950"]
[PlyCount "117"]
[WhiteFideId "16282990"]
[BlackFideId "16284526"]
[EventCountry "GER"]
[EventRounds "7"]
[EventType "team-swiss"]
[EventDate "2023.12.26"]

1. e4 {[%clk 01:30:56]} {[%emt 00:00:03]} e5 {[%clk 01:30:52]} {[%emt
00:00:09]} 2. Nf3 {[%clk 01:31:17]} {[%emt 00:00:09]} Nc6 {[%clk 01:31:16]}
{[%emt 00:00:06]} 3. d4 {[%clk 01:31:41]} {[%emt 00:00:06]} exd4 {[%clk
01:31:08]} {[%emt 00:00:38]} 4. Bc4 {[%clk 01:31:54]} {[%emt 00:00:17]} h6
{[%clk 01:18:08]} {[%emt 00:13:30]} 5. Nxd4 {[%clk 01:29:04]} {[%emt 00:03:20]}
Bc5 {[%clk 01:13:19]} {[%emt 00:05:19]} 6. Nxc6 {[%clk 01:22:52]} {[%emt
00:06:42]} bxc6 {[%clk 01:12:51]} {[%emt 00:00:58]} 7. O-O {[%clk 01:22:15]}
{[%emt 00:01:07]} Ne7 {[%clk 01:00:00]} {[%emt 00:13:21]} 8. Bxf7+ {[%clk
01:20:13]} {[%emt 00:02:33]} Kxf7 {[%clk 00:45:06]} {[%emt 00:15:24]} 9. Qh5+
{[%clk 01:20:10]} {[%emt 00:00:32]} g6 {[%clk 00:36:06]} {[%emt 00:09:31]} 10.
Qxc5 {[%clk 01:18:47]} {[%emt 00:01:52]} d6 {[%clk 00:26:01]} {[%emt 00:10:35]}
11. Qd4 {[%clk 01:13:26]} {[%emt 00:05:51]} c5 {[%clk 00:20:53]} {[%emt
00:05:40]} 12. Qc3 {[%clk 01:11:16]} {[%emt 00:02:38]} Nc6 {[%clk 00:16:27]}
{[%emt 00:04:55]} 13. Be3 {[%clk 01:09:26]} {[%emt 00:02:21]} Qf6 {[%clk
00:14:07]} {[%emt 00:02:51]} 14. Qxf6+ {[%clk 01:06:20]} {[%emt 00:03:35]} Kxf6
{[%clk 00:14:34]} {[%emt 00:00:03]} 15. Nc3 {[%clk 01:05:31]} {[%emt 00:01:19]}
Be6 {[%clk 00:11:18]} {[%emt 00:03:47]} 16. Nd5+ {[%clk 00:58:25]} {[%emt
00:07:36]} Bxd5 {[%clk 00:09:02]} {[%emt 00:02:46]} 17. exd5 {[%clk 00:58:46]}
{[%emt 00:00:08]} Nb4 {[%clk 00:07:46]} {[%emt 00:01:47]} 18. c4 {[%clk
00:56:57]} {[%emt 00:02:19]} Rab8 {[%clk 00:07:26]} {[%emt 00:00:50]} 19. Bd2
{[%clk 00:50:22]} {[%emt 00:07:05]} Kf7 {[%clk 00:04:01]} {[%emt 00:03:54]} 20.
Bxb4 {[%clk 00:46:58]} {[%emt 00:03:54]} Rxb4 {[%clk 00:04:29]} {[%emt
00:00:03]} 21. b3 {[%clk 00:46:49]} {[%emt 00:00:38]} a5 {[%clk 00:04:53]}
{[%emt 00:00:06]} 22. Rfe1 {[%clk 00:45:31]} {[%emt 00:01:48]} Ra8 {[%clk
00:03:59]} {[%emt 00:01:24]} 23. Re3 {[%clk 00:43:57]} {[%emt 00:02:04]} a4
{[%clk 00:03:57]} {[%emt 00:00:34]} 24. Rae1 {[%clk 00:44:07]} {[%emt
00:00:18]} axb3 {[%clk 00:02:56]} {[%emt 00:01:32]} 25. axb3 {[%clk 00:44:10]}
{[%emt 00:00:26]} Rbb8 {[%clk 00:02:21]} {[%emt 00:01:05]} 26. f3 {[%clk
00:39:13]} {[%emt 00:05:27]} Ra2 {[%clk 00:01:52]} {[%emt 00:00:59]} 27. Rb1
{[%clk 00:31:32]} {[%emt 00:08:11]} Rc2 {[%clk 00:01:56]} {[%emt 00:00:26]} 28.
Ra1 {[%clk 00:30:20]} {[%emt 00:01:43]} Rb2 {[%clk 00:01:35]} {[%emt 00:00:50]}
29. Ra7 {[%clk 00:30:11]} {[%emt 00:00:39]} R2xb3 {[%clk 00:01:25]} {[%emt
00:00:40]} 30. Rxc7+ {[%clk 00:29:31]} {[%emt 00:01:10]} Kf8 {[%clk 00:01:53]}
{[%emt 00:00:02]} 31. Re6 {[%clk 00:28:11]} {[%emt 00:01:49]} Rc3 {[%clk
00:01:59]} {[%emt 00:00:25]} 32. Rxd6 {[%clk 00:28:04]} {[%emt 00:00:37]} Rxc4
{[%clk 00:01:40]} {[%emt 00:00:49]} 33. Rxg6 {[%clk 00:27:47]} {[%emt
00:00:47]} Rc2 {[%clk 00:01:09]} {[%emt 00:01:00]} 34. h3 {[%clk 00:28:01]}
{[%emt 00:00:17]} c4 {[%clk 00:01:30]} {[%emt 00:00:09]} 35. Rxh6 {[%clk
00:25:21]} {[%emt 00:03:11]} Kg8 {[%clk 00:01:54]} {[%emt 00:00:05]} 36. d6
{[%clk 00:22:04]} {[%emt 00:03:47]} c3 {[%clk 00:01:26]} {[%emt 00:00:58]} 37.
d7 {[%clk 00:21:40]} {[%emt 00:00:54]} Rb1+ {[%clk 00:00:49]} {[%emt 00:01:08]}
38. Kh2 {[%clk 00:21:52]} {[%emt 00:00:17]} Rd1 {[%clk 00:01:16]} {[%emt
00:00:04]} 39. Rhc6 {[%clk 00:19:32]} {[%emt 00:02:49]} Rdd2 {[%clk 00:01:08]}
{[%emt 00:00:38]} 40. d8=Q+ {[%clk 00:19:44]} {[%emt 00:00:18]} Rxd8 {[%clk
00:01:35]} {[%emt 00:00:03]} 41. Rxc3 {[%clk 00:20:02]} {[%emt 00:00:13]} Rxc3
{[%clk 00:20:16]} {[%emt 00:11:49]} 42. Rxc3 {[%clk 00:50:19]} {[%emt
00:00:13]} Kg7 {[%clk 00:18:58]} {[%emt 00:01:47]} 43. g4 {[%clk 00:50:05]}
{[%emt 00:00:44]} Kg6 {[%clk 00:18:06]} {[%emt 00:01:22]} 44. f4 {[%clk
00:50:05]} {[%emt 00:00:30]} Rd4 {[%clk 00:16:03]} {[%emt 00:02:33]} 45. Rf3
{[%clk 00:50:17]} {[%emt 00:00:17]} Re4 {[%clk 00:12:04]} {[%emt 00:04:31]} 46.
Kg3 {[%clk 00:49:52]} {[%emt 00:00:54]} Kf6 {[%clk 00:07:08]} {[%emt 00:05:26]}
47. Kh4 {[%clk 00:48:58]} {[%emt 00:01:23]} Kg6 {[%clk 00:06:34]} {[%emt
00:01:04]} 48. f5+ {[%clk 00:48:24]} {[%emt 00:01:05]} Kh6 {[%clk 00:03:22]}
{[%emt 00:03:42]} 49. f6 {[%clk 00:47:47]} {[%emt 00:01:07]} Re8 {[%clk
00:03:22]} {[%emt 00:00:30]} 50. g5+ {[%clk 00:47:47]} {[%emt 00:00:30]} Kg6
{[%clk 00:03:28]} {[%emt 00:00:24]} 51. Kg4 {[%clk 00:47:36]} {[%emt 00:00:41]}
Re5 {[%clk 00:02:22]} {[%emt 00:01:37]} 52. h4 {[%clk 00:47:46]} {[%emt
00:00:19]} Re4+ {[%clk 00:02:17]} {[%emt 00:00:36]} 53. Rf4 {[%clk 00:46:41]}
{[%emt 00:01:34]} Re6 {[%clk 00:01:20]} {[%emt 00:01:27]} 54. h5+ {[%clk
00:46:21]} {[%emt 00:00:50]} Kf7 {[%clk 00:01:10]} {[%emt 00:00:40]} 55. g6+
{[%clk 00:46:21]} {[%emt 00:00:29]} Kf8 {[%clk 00:00:59]} {[%emt 00:00:37]} 56.
f7 {[%clk 00:46:11]} {[%emt 00:00:45]} Re5 {[%clk 00:00:54]} {[%emt 00:00:35]}
57. g7+ {[%clk 00:45:34]} {[%emt 00:01:07]} Kxg7 {[%clk 00:01:01]} {[%emt
00:00:23]} 58. f8=Q+ {[%clk 00:45:52]} {[%emt 00:00:11]} Kh7 {[%clk 00:01:20]}
{[%emt 00:00:12]} 59. Rf7# {[%emt 00:00:12]} 1-0